LEADER 02281nam 2200541 450 001 9910811133803321 005 20230807211810.0 010 $a1-4982-7365-3 035 $a(CKB)3710000000719179 035 $a(EBL)4534319 035 $a(OCoLC)951223384 035 $a(SSID)ssj0001668816 035 $a(PQKBManifestationID)16460328 035 $a(PQKBTitleCode)TC0001668816 035 $a(PQKBWorkID)14971926 035 $a(PQKB)10297538 035 $a(MiAaPQ)EBC4534319 035 $a(Au-PeEL)EBL4534319 035 $a(CaPaEBR)ebr11215373 035 $a(EXLCZ)993710000000719179 100 $a20160620h20152015 uy 0 101 0 $aeng 135 $aur|n|---||||| 181 $ctxt 182 $cc 183 $acr 200 10$aBeware the evil eye$hVolume 1$iIntroduction, mesopotamia, and egypt $ethe evil eye in the bible and the ancient world /$fJohn H. Elliott 210 1$aEugene, Oregon :$cCascade Books,$d2015. 210 4$d©2015 215 $a1 online resource (232 p.) 300 $aIncludes index. 311 $a1-4982-8460-4 311 $a1-62032-147-5 327 $aPages:1 to 25; Pages:26 to 50; Pages:51 to 75; Pages:76 to 100; Pages:101 to 125; Pages:126 to 150; Pages:151 to 175; Pages:176 to 200; Pages:201 to 225; Pages:226 to 232 330 $aIn the Sermon on the Mount, Jesus of Nazareth makes reference to one of the oldest beliefs in the ancient world--the malignity of an Evil Eye. The Holy Scriptures in their original languages contain no less than twenty-four references to the Evil Eye, although this is obscured by most modern Bible translations. John H. Elliott's Beware the Evil Eye describes this belief and associated practices, its history, its voluminous appearances in ancient cultures, and the extensive research devoted to it over the centuries in order to unravel this enigma for readers who have never heard of the Evil Eye 606 $aEvil eye$zMediterranean Region 606 $aEvil eye$zMiddle East 615 0$aEvil eye 615 0$aEvil eye 676 $a133.425 700 $aElliott$b John H.$0116614 801 0$bMiAaPQ 801 1$bMiAaPQ 801 2$bMiAaPQ 906 $aBOOK 912 $a9910811133803321 996 $aBeware the evil eye$94023510 997 $aUNINA LEADER 05878oam 2201213 c 450 001 9910831836603321 005 20260302090207.0 010 $a9783732855278 010 $a3732855279 010 $a9783839455272 010 $a3839455278 024 7 $a10.14361/9783839455272 035 $a(CKB)5450000000014868 035 $a(DE-B1597)567720 035 $a(DE-B1597)9783839455272 035 $a(OCoLC)1233040913 035 $a(MiAaPQ)EBC6765781 035 $a(Au-PeEL)EBL6765781 035 $a(transcript Verlag)9783839455272 035 $a(MiAaPQ)EBC6956258 035 $a(Au-PeEL)EBL6956258 035 $a(MiAaPQ)EBC30591638 035 $a(Au-PeEL)EBL30591638 035 $a(ScCtBLL)1eff1549-9eb1-4b66-a66a-4d043963dfa8 035 $a(Perlego)1984304 035 $a(EXLCZ)995450000000014868 100 $a20260302d2020 uy 0 101 0 $ager 135 $aur||||||||||| 181 $ctxt$2rdacontent 182 $cc$2rdamedia 183 $acr$2rdacarrier 200 10$aPop-Musik sammeln$eZehn ethnografische Tracks zwischen Plattenladen und Streamingportal$fChristian Elster 205 $a1st ed. 210 $aBielefeld$ctranscript Verlag$d2020 215 $a1 online resource (238 p.) 225 0 $aStudien zur Popularmusik 327 $aFrontmatter 1 Tracklist 5 Intro 7 1. Pop als Feld 19 2. Sto?bern 37 3. Im Plattenladen 55 4. Vinyl 73 5. Ordnen 91 6. Die Biografie einer Spice Girls-CD 109 7. iPod 123 8. Der Sammler als (Anti-)Figur 143 9. Spotify 161 10. Aussortieren 179 Hidden Track 199 Literatur- und Quellenverzeichnis 217 Dank 235 330 $aStreamingdienste, Vinylflohmärkte, die verstaubte CD-Sammlung ? nie gab es so viele Möglichkeiten auf Musik zuzugreifen wie heute. In Form ethnografischer Tracks zeigt Christian Elster, was Musiksammeln zwischen Plattenladen und Onlinediensten für Menschen bedeuten kann. Hierfür beleuchtet er Praktiken, Artefakte, Orte, Diskurse und Figuren des Sammelns und zeigt auf, dass die technisch grundierte und sinnliche Praxis wesentlich auf das Selbstverständnis vieler Menschen Einfluss nimmt. Sammeln kann deshalb als Alltagskompetenz verstanden werden, die in physischen und digitalen Umgebungen individuelle Ordnungen und sinnstiftende Wegmarken schafft. 330 1 $a»Die Studie liefert eine gelungene Beschreibung zeitgenössischer Kultur, die weit über das Thema Sammeln hinausgeht. Sie bereichert die jüngere Popkulturforschung um eine alltagsnahe Perspektive auf Musik und Kultur und die empirischen Kulturwissenschaften um einen popkulturell vorbildlich informierten Ansatz.« 330 1 $a»Christian Elster [legt] einen lesenswerten und relevanten Beitrag zum breiten kulturwissenschaftlichen Forschungsfeld Popkultur vor, der mit seinem akteur:innenzentrierten Ansatz erkenntnisreiche Impulse liefert.« 330 1 $a»Zu einem Zeitpunkt, an dem herkömmliche Verständnisse des Sammelns weitgehend überkommen scheinen, aktualisiert Elster diesen Begriff für den Pop-Musik-Zusammenhang und rehabilitiert ihn für weitere kulturanalytische Forschungen.« 330 1 $a»Das Buch ist inhaltlich wie formal gelungen, man kann dem Autor zu seinem Werk nur gratulieren. Die Lektüre ist für Forschende und Lehrende genauso gewinnbringend wie für Studierende; es eignet sich in hohem Maße für den Einsatz in der akademischen Lehre.« 330 1 $a»?Pop-Musik? sammeln gibt wissenschaftliche Einblicke in die Natur des Musiksammelns, lässt jedoch dank der eingeflochtenen Interviews genug Identifikationspotential mit den unterschiedlichen Archetypen des Sammlers zu. Dadurch wird das Buch auch für den nicht aus dem wissenschaftlichen Kontext kommenden Leser interessant.« 330 1 $aBesprochen in:http://latrash.de, Christel WeiherDie Presse, 06.02.2021, Cornelia GrobnerOx Fanzine, 155/2 (2021), Kay Wernerhttps://pop-zeitschrift.de, 19.04.2021 330 1 $a»Klug, aber nahbar.« 330 1 $a»Es ist weit mehr, als ein Buch über nerdige Plattensammler. Es ist ein Buch darüber, wie wir uns in der Popmoderne selber verstehen.« 410 0$aStudien Zur Popularmusik 517 2 $aElster, Pop-Musik sammeln$eZehn ethnografische Tracks zwischen Plattenladen und Streamingportal 606 $aPop 606 $aMusik 606 $aMusic 606 $aSammeln 606 $aCollecting 606 $aVinyl 606 $aStreaming 606 $aEthnografie 606 $aEthnography 606 $aMedien 606 $aMedia 606 $aEveryday Practice 606 $aAlltagspraxis 606 $aOrdnung 606 $aOrder 606 $aSelbstverständnis 606 $aPopular Culture 606 $aPopkultur 606 $aPop Music 606 $aPopmusik 606 $aCultural Studies 606 $aMusicology 606 $aMusikwissenschaft 615 4$aPop 615 4$aMusik 615 4$aMusic 615 4$aSammeln 615 4$aCollecting 615 4$aVinyl 615 4$aStreaming 615 4$aEthnografie 615 4$aEthnography 615 4$aMedien 615 4$aMedia 615 4$aEveryday Practice 615 4$aAlltagspraxis 615 4$aOrdnung 615 4$aOrder 615 4$aSelbstverständnis 615 4$aPopular Culture 615 4$aPopkultur 615 4$aPop Music 615 4$aPopmusik 615 4$aCultural Studies 615 4$aMusicology 615 4$aMusikwissenschaft 686 $aLC 87000$2rvk 700 $aElster$b Christian$p
Christian Elster, Universität Wien, Österreich
$4aut$01204807 712 02$aSNF$4fnd$4http://id.loc.gov/vocabulary/relators/fnd 801 0$bDE-B1597 801 1$bDE-B1597 906 $aBOOK 912 $a9910831836603321 996 $aPop-Musik sammeln$92780553 997 $aUNINA